Loading...
| History - Other | 0 | 6 | 2 | 2 | 50 | 25 | 80.83 | 1 | 3 | 0.00 | 0.00 |
| Religion | 0 | 5 | 0 | 0 | 50 | 35 | 74.40 | 1 | 4 | 0.00 | 0.00 |
| Fine Arts - Other | 0 | 4 | 0 | 0 | 40 | 66 | 94.75 | 2 | 3 | 0.00 | 0.00 |
| Social Science | 0 | 3 | 0 | 1 | 30 | 25 | 71.33 | 1 | 2 | 0.00 | 0.00 |
| History - American | 0 | 3 | 0 | 2 | 30 | 117 | 122.00 | 0 | 1 | 0.00 | 0.00 |
| History - European | 0 | 3 | 0 | 1 | 30 | 82 | 101.00 | 1 | 2 | 0.00 | 0.00 |
| Literature - American | 0 | 3 | 0 | 0 | 30 | 102 | 123.33 | 0 | 0 | 0.00 | 0.00 |
| History - World | 0 | 3 | 1 | 0 | 25 | 59 | 68.33 | 0 | 1 | 0.00 | 0.00 |
| Fine Arts - Visual | 0 | 2 | 0 | 0 | 20 | 43 | 81.50 | 1 | 1 | 0.00 | 0.00 |
| Science - Biology | 0 | 2 | 0 | 0 | 20 | 61 | 62.00 | 1 | 2 | 0.00 | 0.00 |
| Literature - European | 0 | 2 | 0 | 1 | 20 | 131 | 138.00 | 0 | 0 | 0.00 | 0.00 |
| Philosophy | 0 | 1 | 0 | 0 | 10 | 91 | 91.00 | 0 | 0 | 0.00 | 0.00 |
| Fine Arts - Classical Music | 0 | 1 | 0 | 0 | 10 | 45 | 45.00 | 0 | 1 | 0.00 | 0.00 |
| Other Academic | 0 | 1 | 0 | 0 | 10 | 44 | 44.00 | 0 | 1 | 0.00 | 0.00 |
| Science - Other | 0 | 1 | 0 | 0 | 10 | 91 | 91.00 | 0 | 1 | 0.00 | 0.00 |
| Geography/Current Events | 0 | 0 | 1 | 0 | -5 | 0.00 | 0 | 0 | 0.00 | 0.00 |